000 02603nam0a2200457 4500
001 RU\NLR\BIBL_A\022763623
005 20260420063712.0
010 _a978-5-6050272-2-5
035 _a(NLR Aleph) 022763623
090 _a13688585
_c13688585
100 _a20260323d2023 u y0rusy50 ca
101 0 _arus
102 _aRU
105 _aach z 010yy
181 0 _ai3
_baxxe
181 0 _ab2
_bxb2e
182 0 _an
200 1 _a100 лет после Юсуповых
_eстраницы летописи Дворца культуры работников просвещения
_e[100-летию Санкт-Петербургского дворца культуры работников просвещения посвящается]
_fНина Кукурузова, Наталья Зайцева, Валентина Набок, Наталия Панкрашкина
203 _aТекст
_aИзображение
_bвизуальные
_cнепосредственные
210 _aСанкт-Петербург
_cSilverlines publisher
_cТМСР
_d2023
215 _a184 с.
_cил., цв. ил., портр., факс.
_d35
300 _aАвт. указаны на обороте тит. с. в макете
309 _aКн. вложена в футляр
320 _aБиблиогр. в подстроч. примеч.
601 0 2 _aЮсуповский дворец
_cСанкт-Петербург, город
_92102427
_3RU\NLR\AUTH\661575006
601 0 2 _aСанкт-Петербургский дворец культуры работников просвещения
_92704659
_3RU\NLR\AUTH\6601769011
602 _aЮсуповы (род)
_91501558
_3RU\NLR\AUTH\66651005
686 1 _aТ214(2)0-21
686 1 _aТ3(2-2СПб31)
686 1 _aЧ30е(2-2СПб)л7
701 1 _7ca
_8rus
_aКукурузова
_bН. В.
_f1947-
_gНина Васильевна
_945851
_3RU\NLR\AUTH\7762921
701 1 _7ca
_8rus
_aЗайцева
_bН. В.
_cканд. искусствоведения
_gНаталья Владимировна
_937329
_3RU\NLR\AUTH\7754397
701 1 _aНабок
_bВ. В.
_gВалентина Владленовна
701 1 _aПанкрашкина
_bН. И.
_gНаталия Ивановна
711 0 2 _aСанкт-Петербургский дворец культуры работников просвещения
_9852229
_3RU\NLR\AUTH\880593344
722 _4280
_7ca
_8rus
_aЮсуповы (род)
_9125041
_3RU\NLR\AUTH\7715387
942 _cBOOK
980 _aNB